| 000 | 01215nam a2200205 4500 | ||
|---|---|---|---|
| 008 | 170807b xxu||||| |||| 00| 0 eng d | ||
| 020 | _a0-205-16579-6 | ||
| 082 |
_21995 _aDC 378.198 _bH17 |
||
| 100 |
_921657 _aHamachek, Alice L |
||
| 245 |
_aCoping with college : _ba guide for academic success / _cAlice L. Hamachek |
||
| 260 |
_aBoston : _bAllyn and Bacon, _c©1995. |
||
| 300 |
_axii, 154 pages : _billustrations ; _c23 cm. |
||
| 500 | _aIncludes bibliographical references (pages 145-147) and index. | ||
| 505 | _aContents Preface Matriculation! 1 College 1 2 Procrastination 11 3 Motivation 17 4 Goal Setting 23 5 Organization 29 6 Time Management 37 7 Deadlines 51 8 Learning Styles 55 9 Study Strategies 59 10 Vocabulary 69 11 Brainstorming 81 12 Notetaking 87 13 Memory 93 14 Tests 105 15 Professors 117 16 Learning Disabilities 125 17 Suggestions for Success 137 Graduation! 143 References 145 Index 149 | ||
| 650 | 0 |
_921658 _aCollege student orientation -- Handbooks, manuals, etc |
|
| 650 | 0 |
_921659 _aStudy skills -- Handbooks, manuals, etc |
|
| 650 | 0 |
_921660 _aMotivation in education -- Handbooks, manuals, etc |
|
| 365 |
_b676.00 _cPhp |
||
| 942 |
_2ddc _cDC |
||
| 999 |
_c7165 _d7165 |
||